Investment management (Record no. 241305)

MARC details
000 -LEADER
fixed length control field 00766nam a22002417a 4500
003 - CONTROL NUMBER IDENTIFIER
control field St Aloysius Coll
005 - DATE AND TIME OF LATEST TRANSACTION
control field 20260418152247.0
008 - FIXED-LENGTH DATA ELEMENTS--GENERAL INFORMATION
fixed length control field 260418b |||||||| |||| 00| 0 eng d
022 ## - INTERNATIONAL STANDARD SERIAL NUMBER
Source 9788198757791
040 ## - CATALOGING SOURCE
Transcribing agency AL
041 ## - LANGUAGE CODE
Language code of text/sound track or separate title English
082 ## - DEWEY DECIMAL CLASSIFICATION NUMBER
Classification number 658.152
Item number DSOI
100 ## - MAIN ENTRY--PERSONAL NAME
Personal name Sabina Dsouza
9 (RLIN) 262186
245 ## - TITLE STATEMENT
Title Investment management
260 ## - PUBLICATION, DISTRIBUTION, ETC.
Place of publication, distribution, etc. Ghaziabad
Name of publisher, distributor, etc. P&P Academy
Date of publication, distribution, etc. 2025
300 ## - PHYSICAL DESCRIPTION
Extent viii, 195p.
Other physical details PB
Dimensions 21.5x14cm
365 ## - TRADE PRICE
Source of price type code General
520 ## - SUMMARY, ETC.
Summary, etc. Concept of Investment; Fundamental Analysis; Risk and Return; Technical Analysis; Portfolio Management
650 ## - SUBJECT ADDED ENTRY--TOPICAL TERM
Source of heading or term Processes of Written Communication
Topical term or geographic name entry element Management and Public Relations
9 (RLIN) 262187
700 ## - ADDED ENTRY--PERSONAL NAME
Personal name Basil, Hans V
9 (RLIN) 262188
700 ## - ADDED ENTRY--PERSONAL NAME
Personal name Anitha, S
9 (RLIN) 262189
942 ## - ADDED ENTRY ELEMENTS (KOHA)
Source of classification or shelving scheme Dewey Decimal Classification
Koha item type Book
Holdings
Withdrawn status Lost status Source of classification or shelving scheme Damaged status Not for loan Collection code Home library Current library Date acquired Total Checkouts Full call number Barcode Date last seen Price effective from Koha item type
    Dewey Decimal Classification     Management St Aloysius PG Library St Aloysius PG Library 04/16/2026   658.152 DSOI PG025250 04/18/2026 04/18/2026 Donated Books